Chinese History 101 Quiz #7 - Statistics

General Stats
  • This quiz has been taken 67 times
  • The average score is 8 of 10
Answer Stats
Question Answer % Correct
What was used as the standard currency of trade between China and Europe in the 18th century? silver
100%
What triggered the First Opium War? The Qing banned opium trade and confiscated opium stocks
100%
Why did the Japanese return the Liaodong Peninsula to China after the First Sino-Japanese War? Under pressure from diplomatic intervention by Russia, France and Germany
100%
What did Hong Xiuquan, the Heavenly King of the Taiping Heavenly Kingdom, claim himself to be? Younger brother of Jesus Christ
100%
How was the Qing's Beiyang Fleet annihilated in the First Sino-Japanese War? Outmanoeuvred by the smaller, faster and more modern Japanese boats
82%
How did the Russians gain control of Vladivostok (Haishenwai) in 1860? Ceded by the Qing in the Convention of Peking
73%
Which country was NOT involved in the Eight-Nation Alliance against the Boxer Rebellions? Netherlands
73%
Which of these was burnt down by the Anglo-French troops during the Second Opium War? Old Summer Palace (Yuan Ming Yuan)
64%
Where did the Chinese Revolution break out on October 10th, 1911? Wuchang (part of now Wuhan)
64%
Why did the scramble of China, similar to that in Africa, not happen in 1899? The United States proposed the Open Door Policy towards China
55%
No matching quizzes found
Score Distribution
Percent of People with Each Score
Percentile by Number Answered
Your Score History
You have not taken this quiz